[Event "21st Sants Open 2019"]
[Site "Cotxeres de Sants"]
[Date "2019.08.30"]
[Round "8.2"]
[White "Henriquez Villagra, Cristobal"]
[Black "Gokerkan, Cem Kaan"]
[Result "1-0"]
[WhiteElo "2562"]
[BlackElo "2421"]
[Annotator "TA"]
[PlyCount "159"]
[EventDate "2019.08.22"]
[EventType "swiss"]
[EventCountry "ESP"]
[SourceTitle "playchess.com"]
[Source "ChessBase"]
[SourceQuality "1"]

{[%evp 14,159,36,43,59,54,43,62,41,0,-7,-10,-7,-8,-7,-7,-3,-3,0,-3,-3,-3,-3,-4,-4,-5,0,-8,-8,-8,0,-8,22,30,89,89,84,86,85,83,84,75,90,40,104,62,62,62,62,62,62,62,52,42,58,66,79,80,80,80,85,8,16,16,43,39,110,51,83,35,35,14,111,110,128,128,135,125,128,128,128,110,110,111,111,110,110,111,111,111,132,131,116,57,57,57,128,57,57,57,57,57,171,171,171,171,171,171,171,171,171,171,171,171,171,171,171,171,257,171,171,171,171,171,170,122,171,171,171,171,171,171,171,171,171,171,1470,1347,2439,1687,1120,834,711,671,29975,29977,29976,29975]} 1. d4 Nf6 2. c4 g6 3. Nc3 Bg7 4. e4 d6 5. h3 O-O 6. Be3 c5 7. Nf3 cxd4 8. Nxd4 b6 {E90: King's Indian: Classical: Early deviations and 6 h3} 9. g3 Bd7 $146 ({Predecessor:} 9... Bb7 10. Bg2 Nbd7 11. O-O Rb8 12. Qc2 a6 13. Rad1 e6 14. Rfe1 Qe7 15. Qd2 Rfc8 16. b3 {½-½ (66) Bluebaum,M (2640)-Amin,B (2693) Wijk aan Zee 2018}) 10. Bg2 Nc6 {White is slightly better.} 11. Rc1 Nxd4 12. Bxd4 Rc8 13. Qd3 Bh6 $1 {[%cal Rh6c1]} 14. Rd1 e5 15. Be3 Bxe3 16. Qxe3 Rxc4 17. Rxd6 Qe7 18. Rd2 Qc5 19. O-O Be6 20. Qf3 Kg7 21. Rfd1 Re8 22. a3 h5 23. Bf1 $36 {[%mdl 2048] White is more active.} Rd4 (23... Rxc3 $1 $11 {keeps the balance.} 24. Qxc3 (24. bxc3 Qxa3 25. Rd3 Rc8 $11) 24... Qxc3 25. bxc3 Nxe4 {[%mdl 64] Double Attack}) 24. b4 $16 Qc8 25. Rxd4 exd4 26. Nb5 $1 {[%cal Rb5d6] Nd6 is the strong threat.} Re7 27. Nd6 ({But not} 27. Nxd4 $6 Bxh3 28. Bxh3 Qxh3 $15) 27... Qc3 28. Qd3 Rd7 (28... Qxd3 $14 29. Rxd3 Ne8) 29. Qxd4 Qxd4 30. Rxd4 Nxe4 $1 31. Ne8+ Kf8 32. Rxe4 Rd1 {And now ...Bxh3 would win.} 33. Rxe6 $1 fxe6 34. Nc7 Ke7 35. Nb5 $1 a6 36. Nc7 a5 37. bxa5 ({Better is} 37. Na8 $16) 37... bxa5 $11 38. Nb5 Ra1 39. Kg2 Kf6 (39... g5 $14) 40. Be2 (40. h4 $1 $16) 40... Ra2 41. Bf3 Ke5 42. h4 Kf6 (42... Rb2 $1 $11 43. Na7 a4) 43. Kf1 Rb2 44. a4 Rb4 45. Bd1 $1 g5 46. hxg5+ (46. Bxh5 gxh4 47. gxh4 Rxa4 $15) 46... Kxg5 47. Na7 Rc4 48. Ke2 e5 49. Nb5 h4 50. gxh4+ Rxh4 51. Nc3 Rh3 52. Ne4+ Kf4 53. Nd6 (53. Bc2 $16) 53... Ra3 54. Nc4 Ra2+ (54... Rc3 $1 $14 55. Nxa5 e4) 55. Ke1 ({White should play} 55. Kf1 $1 $16) 55... e4 $1 $14 56. Bb3 Ra1+ 57. Ke2 Rb1 (57... Rc1 $14) 58. Bc2 $1 $18 {[%cal Rc2b1]} Rc1 59. Ne3 $1 Ke5 60. Kd2 Rh1 61. Nc4+ Kd5 62. Nxa5 Rf1 {[#]} 63. Ke2 $1 {[%cal Re2f1]} Rc1 64. Bb3+ Kd4 65. Bd1 {Hoping for Nb3+.} Rb1 (65... Rc8 $142 66. Nb3+ Kc3) 66. Bc2 Rb6 67. Nb3+ Kc3 {[#]} 68. Bd1 $1 ({Worse is} 68. Bxe4 Rxb3 69. Ke3 Kc4+ 70. Kf4 Kd4 $11) 68... Rd6 69. Ke1 Kd3 70. Nc1+ Kd4 71. Ne2+ Kd3 72. Nf4+ Kc3 73. Ng2 Kb2 74. Be2 Kc1 $2 (74... Kc3 75. Ne3 Re6) 75. Ne3 Rd2 76. Bc4 Rb2 77. Bd5 Rb4 78. Bc6 Kb2 79. a5 {[%cal Ba4a5,Ba5a6][%mdl 32]} Rb3 80. a6 {Accuracy: White = 70%, Black = 47%.} 1-0

[Event "21st Sants Open 2019"]
[Site "Cotxeres de Sants"]
[Date "2019.08.30"]
[Round "8.3"]
[White "Harsha Bharathakoti"]
[Black "Gines Esteo, Pedro Antonio"]
[Result "1-0"]
[WhiteElo "2489"]
[BlackElo "2417"]
[Annotator "ChessBase"]
[PlyCount "65"]
[EventDate "2019.08.22"]
[EventType "swiss"]
[EventCountry "ESP"]
[SourceTitle "playchess.com"]
[Source "ChessBase"]
[SourceQuality "1"]
[TimeControl "40/5400+30:1800+30"]

1. Nf3 {[%emt 0:03:31]} d5 {[%emt 0:01:52]} 2. c4 {[%emt 0:01:57]} c6 {[%emt 0:01:02]} 3. e3 {[%emt 0:01:14]} Nf6 {[%emt 0:03:47]} 4. Nc3 {[%emt 0:00:10]} g6 {[%emt 0:08:11]} 5. d4 {[%emt 0:00:42]} Bg7 {[%emt 0:00:06]} 6. Be2 {[%emt 0:00:35]} O-O {[%emt 0:00:06]} 7. O-O {[%emt 0:00:07]} dxc4 {[%emt 0:08:51]} 8. Bxc4 {[%emt 0:00:36]} Bg4 {[%emt 0:00:05]} 9. Be2 {[%emt 0:03:40]} Nbd7 {[%emt 0:00:33]} 10. e4 {[%emt 0:00:14]} Bxf3 {[%emt 0:12:25]} 11. Bxf3 {[%emt 0:00:09]} e5 {[%emt 0:00:02]} 12. d5 {[%emt 0:01:36]} cxd5 {[%emt 0:03:04]} 13. exd5 {[%emt 0:03:11]} Nb6 {[%emt 0:10:35]} 14. Qb3 {[%emt 0:09:32]} Ne8 {[%emt 0:05:17]} 15. Ne4 {[%emt 0:18:34]} Nd6 {[%emt 0:09:34]} 16. Bg5 {[%emt 0:05:43]} f6 {[%emt 0:02:24]} 17. Nxd6 {[%emt 0:04:00]} Qxd6 {[%emt 0:00:07]} 18. Bd2 {[%emt 0:01:12]} Rf7 {[%emt 0:03:37]} 19. Bb4 {[%emt 0:05:02]} Qd7 {[%emt 0:09:09]} 20. a4 {[%emt 0:13:59]} Re8 {[%emt 0:09:04]} 21. a5 {[%emt 0:07:35]} Nc8 {[%emt 0:00:14]} 22. d6 {[%emt 0:00:04]} e4 {[%emt 0:03:16]} 23. Be2 {[%emt 0:00:41]} Kh8 {[%emt 0:03:29]} 24. Bb5 {[%emt 0:03:43]} Qxb5 {[%emt 0:00:02]} 25. Qxf7 {[%emt 0:00:05]} Rf8 {[%emt 0:00:52]} 26. Qc7 {[%emt 0:00:13]} Qxb4 {[%emt 0:02:03]} 27. d7 {[%emt 0:00:06]} Ne7 {[%emt 0:01:55]} 28. d8=Q {[%emt 0:00:06]} Nf5 {[%emt 0:01:30]} 29. Qdd7 {[%emt 0:01:14]} Qxb2 {[%emt 0:00:31]} 30. Rab1 {[%emt 0:00:08]} Qe2 {[%emt 0:00:08]} 31. Rxb7 {[%emt 0:00:16]} Rg8 {[%emt 0:00:23]} 32. Qf7 {[%emt 0:00:51]} e3 {[%emt 0:01:13]} 33. Qxg8+ {[%emt 0:00:07]} 1-0

[Event "21st Sants Open 2019"]
[Site "Cotxeres de Sants"]
[Date "2019.08.30"]
[Round "8.4"]
[White "Bauer, Christian"]
[Black "Krishna C R G"]
[Result "1/2-1/2"]
[WhiteElo "2626"]
[BlackElo "2444"]
[Annotator "TA"]
[PlyCount "125"]
[EventDate "2019.08.22"]
[EventType "swiss"]
[EventCountry "ESP"]
[SourceTitle "playchess.com"]
[Source "ChessBase"]
[SourceQuality "1"]

{[%evp 13,125,9,32,40,44,12,23,11,14,10,6,5,18,0,0,0,-1,-20,-10,-21,-7,-7,-7,-14,0,0,-4,-15,-16,-34,-27,-45,0,0,0,0,14,-41,0,0,0,0,39,31,42,36,31,44,77,41,37,38,45,41,64,22,34,30,85,0,59,20,27,0,2,2,22,0,116,131,97,97,97,97,97,97,97,98,276,121,157,168,154,144,150,131,131,103,142,115,115,114,120,118,114,105,105,115,121,106,174,121,120,98,98,91,97,91,83,73,57,0,0,0]} 1. e4 e6 2. d4 d5 3. Nc3 Bb4 4. exd5 exd5 5. Bd3 Nc6 {[%cal Bb8c6,Bc6e7,Be7g6,Bg6h4][%mdl 32]} 6. a3 Ba5 7. Be3 Nf6 8. Nge2 {C01: French: Exchange Variation} (8. h3 O-O 9. Nge2 Ne7 10. O-O c6 11. Ng3 Ng6 12. Qd2 Re8 13. Rae1 Qd6 14. f4 Bd7 15. Qf2 Bc7 {½-½ (44) Fressinet,L (2624)-Ponomariov,R (2704) Pamplona 2005}) 8... h6 9. h3 Ne7 10. Ng3 {White has an edge.} c6 11. O-O O-O 12. Nce2 Ng6 13. c3 Bc7 14. Qc2 Nh4 15. f3 $146 ({Predecessor:} 15. Rfe1 g5 {0-1 (28) Koronowski,H (1917)-Mondino,V (2149) LSS email 2014}) 15... Re8 16. Qd2 Qe7 17. Bf4 Bxf4 18. Nxf4 Bd7 19. Rae1 Qd6 20. Nfe2 Re7 21. Qf4 Qxf4 22. Nxf4 Rae8 23. Rxe7 Rxe7 24. Kf2 Ne8 25. b3 ({White should try} 25. Nge2 $11) 25... Nd6 26. c4 dxc4 27. bxc4 Ndf5 28. Rb1 Nxg3 29. Kxg3 Nf5+ 30. Kf2 {d5 is the strong threat.} b6 31. c5 Nxd4 32. cxb6 axb6 33. Rxb6 Bf5 34. Bc4 Ra7 35. Ra6 Rb7 (35... Rxa6 $11 {keeps the balance.} 36. Bxa6 Kf8) 36. g4 ({White should play} 36. Ke3 $16 c5 37. g4) 36... Bb1 (36... Rb2+ $11 37. Kg3 g5 38. gxf5 Nxf5+ 39. Kg4 Ne3+ {[%mdl 64] Double Attack} 40. Kh5 Kg7 41. Ne6+ (41. Rxc6 gxf4 42. Rc7 Nxc4 $11) (41. Nd3 $2 Rh2 $19) 41... fxe6 42. Bxe6 Rc2) 37. h4 g6 38. h5 g5 39. Nd3 Kg7 40. a4 Re7 {[#]} (40... Bxd3 $1 $11 41. Bxd3 Rb3) 41. Nb4 $1 $16 Rb7 42. Nxc6 Rb2+ 43. Kg3 Nxc6 44. Rxc6 {[%mdl 4096] Endgame Black must now prevent Rc7. KRB-KRB} Ba2 45. Bd3 Bb1 $2 (45... Rb3 $16 {was worth a try.} 46. Bc4 Ra3) 46. Bb5 (46. Bf5 $18) 46... Bc2 47. Rc3 Bb3 48. a5 {Hoping for Bc6.} Bd5 49. Bd3 Ra2 50. a6 Ra5 51. Kf2 Kf6 52. Rc8 Ra3 53. Be2 Ke5 54. Rc5 {Threatens to win with Bc4.} Kd4 55. Rc2 Ke5 56. Rd2 Bc6 {[#]} (56... Be6 $16 57. Rc2 Kd6) 57. Rd3 (57. Rb2 $1 $18) 57... Ra2 58. Rc3 Bd5 59. Ke3 Ra5 60. Bd3 Ra1 61. Rc7 Ra3 62. Rd7 (62. Rc8 $14) 62... Bc4 $1 $11 63. a7 {Accuracy: White = 45%, Black = 50%.} 1/2-1/2

[Event "21st Sants Open 2019"]
[Site "Cotxeres de Sants"]
[Date "2019.08.30"]
[Round "8.5"]
[White "Vaibhav, Suri"]
[Black "Lettieri, Giuseppe"]
[Result "1-0"]
[WhiteElo "2591"]
[BlackElo "2431"]
[Annotator "ChessBase"]
[PlyCount "59"]
[EventDate "2019.08.22"]
[EventType "swiss"]
[EventCountry "ESP"]
[SourceTitle "playchess.com"]
[Source "ChessBase"]
[SourceQuality "1"]
[TimeControl "40/5400+30:1800+30"]

1. e4 c6 2. d4 d5 3. exd5 cxd5 4. Bd3 Nc6 5. c3 Qc7 6. h3 Nf6 7. Nf3 g6 8. Qc2 Nh5 9. O-O Nf4 10. Bb5 Bh6 11. c4 Bf5 12. Bxf4 Bxf4 13. Qa4 e6 14. Nc3 O-O-O 15. cxd5 exd5 16. Bxc6 bxc6 17. Rac1 Kb7 18. Ne5 Bxc1 19. Rxc1 Qb6 20. Qa3 Rc8 21. Nxf7 Qxd4 22. Nxh8 Qxh8 23. Na4 Qd8 24. Re1 Rc7 25. Nc5+ Ka8 26. Qa4 d4 27. g4 Qd5 28. Re8+ Bc8 29. Qa6 Kb8 30. Rxc8+ 1-0

[Event "21st Sants Open 2019"]
[Site "Cotxeres de Sants"]
[Date "2019.08.30"]
[Round "8.6"]
[White "Hillarp Persson, Tiger"]
[Black "Lagunow, Raphael"]
[Result "1-0"]
[WhiteElo "2558"]
[BlackElo "2431"]
[Annotator "ChessBase"]
[PlyCount "49"]
[EventDate "2019.08.22"]
[EventType "swiss"]
[EventCountry "ESP"]
[SourceTitle "playchess.com"]
[Source "ChessBase"]
[SourceQuality "1"]
[TimeControl "40/5400+30:1800+30"]

1. Nf3 d5 2. g3 Nd7 3. d4 b5 4. Nc3 c6 5. Bg2 f5 6. O-O Ngf6 7. Bg5 e6 8. e3 Qb6 9. a4 a5 10. Ne2 b4 11. Nf4 c5 12. c4 bxc3 13. bxc3 Ne4 14. c4 dxc4 15. Nd2 Nxg5 16. Bxa8 cxd4 17. Nxc4 Qa6 18. Bg2 Qxc4 19. Rc1 Qa6 20. Rc6 e5 21. Rxa6 Bxa6 22. Qh5+ Nf7 23. Qxf5 exf4 24. Qe6+ Be7 25. Qxa6 1-0

[Event "21st Sants Open 2019"]
[Site "Cotxeres de Sants"]
[Date "2019.08.30"]
[Round "8.7"]
[White "Haast, Mark"]
[Black "Salinas Herrera, Pablo"]
[Result "1/2-1/2"]
[WhiteElo "2413"]
[BlackElo "2506"]
[Annotator "TA"]
[PlyCount "173"]
[EventDate "2019.08.22"]
[EventType "swiss"]
[EventCountry "ESP"]
[SourceTitle "playchess.com"]
[Source "ChessBase"]
[SourceQuality "1"]

{[%evp 13,173,17,43,27,40,30,35,22,21,23,27,25,22,27,25,17,31,4,9,0,0,0,0,-15,15,20,50,39,49,50,63,39,46,45,42,0,0,-21,-17,-28,-27,-25,-4,-57,-57,-44,0,0,14,3,4,19,26,4,11,11,6,0,19,0,0,0,0,0,0,0,0,0,0,0,0,-12,-4,-5,0,0,0,-7,-7,-7,-7,-7,-7,-8,-7,-9,0,0,0,0,0,0,0,0,0,0,0,0,0,0,0,0,0,0,0,0,0,0,0,0,0,0,0,0,0,0,0,0,0,0,0,0,0,0,0,0,0,0,0,0,0,0,0,0,0,0,0,0,0,0,0,0,0,0,0,0,0,0,0,0,0,0,0,0,0,0,0,0,0,0,0,0]} 1. c4 ({Predecessor:} 1. Nf3 Nf6 2. g3 d5 3. Bg2 c6 {½-½ (26) Swapnil,S (2516)-Debashis,D (2493) Ahmedabad 2017}) 1... c6 2. g3 d5 3. Nf3 Nf6 4. Bg2 Bg4 5. Ne5 Be6 6. cxd5 Bxd5 7. Nf3 c5 8. Nc3 {A11: English Opening: 1...c6} Bc6 9. O-O e6 10. Re1 $146 {White is slightly better.} (10. Qc2 Be7 11. Rd1 O-O 12. d4 cxd4 13. Nxd4 Bxg2 14. Kxg2 Nbd7 15. Bg5 {½-½ (15) Svidler,P (2765)-Karjakin,S (2760) Riadh 2017}) 10... Be7 11. e4 O-O 12. d4 cxd4 13. Nxd4 Qb6 {Threatening ...Bc5.} 14. Nb3 Rd8 15. Qe2 Qa6 16. h3 Bb4 17. Bd2 Qxe2 18. Rxe2 a5 19. a3 Be7 20. Be3 Nfd7 21. Rd2 Rc8 22. Bf1 Ne5 23. Be2 Be8 24. Bf4 Nbd7 {[%cal Bb8d7,Bd7c5,Bc5b3][%mdl 32]} 25. Nd4 g5 26. Be3 Nc4 27. Bxc4 Rxc4 28. Nf3 ({White should try} 28. f4 $11) 28... Nc5 $15 {aiming for ...Nb3.} 29. Rad1 ({But not} 29. Bxg5 $2 Bxg5 30. Nxg5 Nb3 $19) 29... Nb3 30. Rd3 h6 31. Ne5 Rc7 32. Nd7 Nc5 33. Bxc5 Bxc5 {The position is equal.} 34. Nb5 Rc6 35. Nf6+ Kg7 36. Nxe8+ Rxe8 37. Nd6 (37. Kg2 {is more complex.} Bf8 38. Rf3 Kg6 39. Rd7 Re7 40. Rd8) 37... Bxd6 38. Rxd6 $11 {[%mdl 4096] Endgame KRR-KRR} Rec8 39. R1d3 b5 40. Rd7 R8c7 41. Rxc7 Rxc7 {KR-KR} 42. Kg2 Kf6 43. Kf3 h5 44. Ke3 Rb7 45. Rc3 b4 46. axb4 Rxb4 47. b3 Kg6 48. f3 Kf6 49. h4 g4 50. fxg4 hxg4 51. Kf4 e5+ 52. Kxg4 Rxe4+ 53. Kh3 Rb4 54. Rc5 Rxb3 55. Rxa5 Kf5 56. Ra2 f6 57. Rf2+ Ke6 58. Kg2 f5 59. Ra2 Kd5 60. Ra5+ Ke4 61. Ra4+ Ke3 62. Ra5 Rb2+ 63. Kh3 Ke4 64. Ra4+ Kf3 65. Ra5 Re2 66. Ra3+ Kf2 67. h5 e4 68. h6 Rc2 69. h7 Rc8 70. Ra5 f4 71. gxf4 e3 72. Kg4 {Rh5 is the strong threat.} Rh8 73. Rh5 {Threatens to win with Rh2+.} e2 74. Rh2+ Ke3 75. Rh1 Kd2 76. f5 Rxh7 77. Ra1 {[#]} Ra7 $1 {[%mdl 512]} 78. Rb1 (78. Rxa7 e1=Q) 78... Ke3 79. f6 Rd7 {Strongly threatening ...Rd1.} 80. Re1 Rd1 {[#]} 81. Rxe2+ $1 {[%mdl 512]} Kxe2 {KR-KP} 82. Kf5 Ke3 83. f7 Kd4 84. Ke6 Rf1 85. Ke7 Ke5 86. f8=Q Rxf8 87. Kxf8 {Accuracy: White = 74%, Black = 70%.} 1/2-1/2

[Event "21st Sants Open 2019"]
[Site "Cotxeres de Sants"]
[Date "2019.08.30"]
[Round "8.8"]
[White "Panelo, Marcelo"]
[Black "Escobar Forero, Alder"]
[Result "1/2-1/2"]
[WhiteElo "2378"]
[BlackElo "2477"]
[Annotator "ChessBase"]
[PlyCount "78"]
[EventDate "2019.08.22"]
[EventType "swiss"]
[EventCountry "ESP"]
[SourceTitle "playchess.com"]
[Source "ChessBase"]
[SourceQuality "1"]
[TimeControl "40/5400+30:1800+30"]

1. d4 {[%emt 0:01:58]} d6 {[%emt 0:00:00]} 2. Nf3 {[%emt 0:01:01]} Nf6 {[%emt 0:00:00]} 3. c4 {[%emt 0:00:36]} Nbd7 {[%emt 0:00:00]} 4. Nc3 {[%emt 0:00:18]} e5 {[%emt 0:00:05]} 5. e4 {[%emt 0:00:59]} c6 {[%emt 0:00:28]} 6. Be2 {[%emt 0:00:19]} Be7 {[%emt 0:00:59]} 7. O-O {[%emt 0:00:51]} O-O {[%emt 0:00:09]} 8. Be3 {[%emt 0:02:42]} a6 {[%emt 0:00:21]} 9. d5 {[%emt 0:00:20]} cxd5 {[%emt 0:00:49]} 10. cxd5 {[%emt 0:00:07]} b5 {[%emt 0:00:12]} 11. Nd2 {[%emt 0:06:56]} Bb7 {[%emt 0:00:14]} 12. b4 {[%emt 0:01:57]} Nxe4 {[%emt 0:03:00]} 13. Ndxe4 {[%emt 0:25:37]} f5 {[%emt 0:00:14]} 14. a4 {[%emt 0:01:14]} bxa4 {[%emt 0:04:12]} 15. Nxa4 {[%emt 0:06:44]} fxe4 {[%emt 0:01:40]} 16. Bg4 {[%emt 0:00:08]} Nf6 {[%emt 0:00:56]} 17. Be6+ {[%emt 0:00:04]} Kh8 {[%emt 0:00:02]} 18. Nb6 {[%emt 0:01:25]} Rb8 {[%emt 0:00:08]} 19. Qc2 {[%emt 0:07:53]} Qe8 {[%emt 0:02:26]} 20. Qc7 {[%emt 0:01:30]} Qd8 {[%emt 0:00:08]} 21. Qc2 {[%emt 0:06:55]} Qe8 {[%emt 0:00:07]} 22. Qc7 {[%emt 0:02:22]} Qd8 {[%emt 0:00:23]} 23. Qc4 {[%emt 0:01:03]} Qe8 {[%emt 0:00:22]} 24. Rxa6 {[%emt 0:09:03]} Bd8 {[%emt 0:08:38]} 25. Ra7 {[%emt 0:03:08]} Bxd5 {[%emt 0:00:40]} 26. Bxd5 {[%emt 0:00:38]} Bxb6 {[%emt 0:00:13]} 27. Bxb6 {[%emt 0:01:20]} Nxd5 {[%emt 0:00:06]} 28. Qxd5 {[%emt 0:01:52]} Rxb6 {[%emt 0:00:07]} 29. Qxe4 {[%emt 0:00:30]} Rf4 {[%emt 0:07:41]} 30. Qd5 {[%emt 0:06:27]} Rd4 {[%emt 0:01:36]} 31. Re7 {[%emt 0:01:37]} Qg8 {[%emt 0:00:31]} 32. Qxg8+ {[%emt 0:01:11]} Kxg8 {[%emt 0:00:01]} 33. Rc1 {[%emt 0:01:06]} Rc6 {[%emt 0:00:25]} 34. Ra1 {[%emt 0:00:47]} Ra6 {[%emt 0:00:03]} 35. Rc1 {[%emt 0:00:50]} Rc4 {[%emt 0:00:06]} 36. Rd1 {[%emt 0:00:45]} Rxb4 {[%emt 0:00:21]} 37. h3 {[%emt 0:00:45]} Rab6 {[%emt 0:02:17]} 38. Rd7 {[%emt 0:01:25]} Rb1 {[%emt 0:01:49]} 39. R7xd6 {[%emt 0:00:12]} Rxd1+ {[%emt 0:00:19]} 1/2-1/2

[Event "21st Sants Open 2019"]
[Site "Cotxeres de Sants"]
[Date "2019.08.30"]
[Round "8.9"]
[White "Arenas, David"]
[Black "Valderrama Quiceno, Esteban Alb"]
[Result "1/2-1/2"]
[WhiteElo "2448"]
[BlackElo "2429"]
[Annotator "NA"]
[PlyCount "24"]
[EventDate "2019.08.22"]
[EventType "swiss"]
[EventCountry "ESP"]
[SourceTitle "playchess.com"]
[Source "ChessBase"]
[SourceQuality "1"]
[TimeControl "40/5400+30:1800+30"]

1. e4 {[%emt 0:23:29]} c5 {[%emt 0:00:00]} 2. Nf3 {[%emt 0:00:11]} Nc6 {[%emt 0:00:00]} 3. Nc3 {[%emt 0:00:13]} e6 {[%emt 0:00:00]} 4. d4 {[%emt 0:00:19]} cxd4 {[%emt 0:00:00]} 5. Nxd4 {[%emt 0:00:04]} Qc7 {[%emt 0:00:04]} 6. Be3 {[%emt 0:00:32]} a6 {[%emt 0:00:20]} 7. Be2 {[%emt 0:00:07]} Nf6 {[%emt 0:00:09]} 8. O-O {[%emt 0:00:12]} Be7 {[%emt 0:00:21]} 9. f4 {[%emt 0:00:10]} d6 {[%emt 0:00:10]} 10. Kh1 {[%emt 0:00:08]} O-O {[%emt 0:00:08]} 11. Qe1 {[%emt 0:00:11]} Bd7 {[%emt 0:01:26]} 12. Qg3 {[%emt 0:00:33]} b5 {[%emt 0:06:06]} 1/2-1/2

[Event "21st Sants Open 2019"]
[Site "Cotxeres de Sants"]
[Date "2019.08.30"]
[Round "8.10"]
[White "Sardana, Rishi"]
[Black "Idani, Pouya"]
[Result "1/2-1/2"]
[WhiteElo "2410"]
[BlackElo "2581"]
[Annotator "ChessBase"]
[PlyCount "77"]
[EventDate "2019.08.22"]
[EventType "swiss"]
[EventCountry "ESP"]
[SourceTitle "playchess.com"]
[Source "ChessBase"]
[SourceQuality "1"]
[TimeControl "40/5400+30:1800+30"]

1. c4 {[%emt 0:00:00]} e5 {[%emt 0:00:44]} 2. Nc3 {[%emt 0:00:00]} Bb4 {[%emt 0:00:07]} 3. Nd5 {[%emt 0:00:00]} Na6 {[%emt 0:00:05]} 4. Nxb4 {[%emt 0:04:06]} Nxb4 {[%emt 0:00:07]} 5. d3 {[%emt 0:00:12]} c5 {[%emt 0:06:35]} 6. Nf3 {[%emt 0:04:16]} Nc6 {[%emt 0:00:05]} 7. g3 {[%emt 0:01:07]} Nge7 {[%emt 0:00:08]} 8. Bg2 {[%emt 0:00:08]} O-O {[%emt 0:00:06]} 9. O-O {[%emt 0:00:19]} d5 {[%emt 0:04:19]} 10. cxd5 {[%emt 0:00:54]} Nxd5 {[%emt 0:00:05]} 11. Qb3 {[%emt 0:04:45]} Nc7 {[%emt 0:04:28]} 12. Be3 {[%emt 0:02:33]} b6 {[%emt 0:03:14]} 13. Rfc1 {[%emt 0:14:37]} Be6 {[%emt 0:05:01]} 14. Qa4 {[%emt 0:01:23]} Bd5 {[%emt 0:00:32]} 15. Bxc5 {[%emt 0:07:49]} bxc5 {[%emt 0:00:06]} 16. e4 {[%emt 0:00:04]} Nb4 {[%emt 0:10:12]} 17. exd5 {[%emt 0:03:14]} Qd6 {[%emt 0:02:01]} 18. Ne1 {[%emt 0:16:15]} Rab8 {[%emt 0:05:24]} 19. a3 {[%emt 0:12:17]} Nbxd5 {[%emt 0:00:27]} 20. Qxa7 {[%emt 0:00:55]} Ne6 {[%emt 0:09:49]} 21. Rab1 {[%emt 0:02:28]} Nf6 {[%emt 0:12:07]} 22. Qa4 {[%emt 0:05:33]} Nd4 {[%emt 0:00:11]} 23. Qd1 {[%emt 0:01:34]} Rfd8 {[%emt 0:01:46]} 24. Nf3 {[%emt 0:02:02]} Nb3 {[%emt 0:00:30]} 25. Rc3 {[%emt 0:00:33]} c4 {[%emt 0:00:08]} 26. Qe2 {[%emt 0:07:55]} cxd3 {[%emt 0:01:47]} 27. Qxe5 {[%emt 0:00:08]} Qb6 {[%emt 0:01:50]} 28. Qc7 {[%emt 0:04:47]} d2 {[%emt 0:12:21]} 29. Qxb6 {[%emt 0:00:44]} Rxb6 {[%emt 0:00:51]} 30. Rd1 {[%emt 0:00:02]} Ne4 {[%emt 0:02:35]} 31. Rc2 {[%emt 0:00:06]} f5 {[%emt 0:02:05]} 32. Bf1 {[%emt 0:00:10]} Kf8 {[%emt 0:02:15]} 33. Kg2 {[%emt 0:01:45]} g6 {[%emt 0:05:07]} 34. h4 {[%emt 0:00:11]} h6 {[%emt 0:02:10]} 35. Bc4 {[%emt 0:00:41]} Na1 {[%emt 0:00:15]} 36. Rxa1 {[%emt 0:01:34]} d1=Q {[%emt 0:00:04]} 37. Rxd1 {[%emt 0:00:03]} Rxd1 {[%emt 0:00:04]} 38. a4 {[%emt 0:01:50]} Ra1 {[%emt 0:00:56]} 39. Bb5 {[%emt 0:00:35]} 1/2-1/2

[Event "21st Sants Open 2019"]
[Site "Cotxeres de Sants"]
[Date "2019.08.30"]
[Round "8.11"]
[White "Puranik, Abhimanyu"]
[Black "Morales, Jhon Alexander"]
[Result "1/2-1/2"]
[WhiteElo "2550"]
[BlackElo "2405"]
[Annotator "ChessBase"]
[PlyCount "46"]
[EventDate "2019.08.22"]
[EventType "swiss"]
[EventCountry "ESP"]
[SourceTitle "playchess.com"]
[Source "ChessBase"]
[SourceQuality "1"]
[TimeControl "40/5400+30:1800+30"]

1. e4 {[%emt 0:00:00]} c5 {[%emt 0:00:00]} 2. Nf3 {[%emt 0:00:00]} d6 {[%emt 0:00:16]} 3. d4 {[%emt 0:00:00]} cxd4 {[%emt 0:00:06]} 4. Nxd4 {[%emt 0:00:00]} Nf6 {[%emt 0:00:07]} 5. Nc3 {[%emt 0:00:00]} Nc6 {[%emt 0:02:36]} 6. Bg5 {[%emt 0:00:29]} e6 {[%emt 0:02:39]} 7. Qd2 {[%emt 0:00:45]} a6 {[%emt 0:00:44]} 8. O-O-O {[%emt 0:00:29]} Bd7 {[%emt 0:01:36]} 9. Nxc6 {[%emt 0:02:25]} Bxc6 {[%emt 0:04:09]} 10. f3 {[%emt 0:00:21]} Qa5 {[%emt 0:15:16]} 11. Kb1 {[%emt 0:04:59]} Be7 {[%emt 0:00:39]} 12. h4 {[%emt 0:01:12]} h6 {[%emt 0:07:20]} 13. Be3 {[%emt 0:04:55]} h5 {[%emt 0:00:31]} 14. Qf2 {[%emt 0:14:08]} Qc7 {[%emt 0:03:27]} 15. Qg3 {[%emt 0:03:16]} g6 {[%emt 0:04:11]} 16. Ne2 {[%emt 0:05:55]} Rc8 {[%emt 0:02:46]} 17. Nd4 {[%emt 0:06:40]} Bd7 {[%emt 0:00:22]} 18. Bd3 {[%emt 0:01:02]} e5 {[%emt 0:06:05]} 19. Ne2 {[%emt 0:00:33]} Be6 {[%emt 0:00:39]} 20. Rhf1 {[%emt 0:03:47]} d5 {[%emt 0:08:39]} 21. Bc1 {[%emt 0:05:30]} dxe4 {[%emt 0:03:12]} 22. fxe4 {[%emt 0:00:03]} O-O {[%emt 0:01:24]} 23. b3 {[%emt 0:05:02]} Qd8 1/2-1/2